Phytolith analysis : an archaeological and geological perspective /

محفوظ في:

المؤلف الرئيسي: Piperno, Dolores R. (مؤلف)

التنسيق: كتاب

اللغة: English

منشور في: San Diego : Academic PRess, c1988.

الموضوعات:

الوسوم: إضافة وسم

لا توجد وسوم, كن أول من يضع وسما على هذه التسجيلة!

رقم الطلب: CC77.5 .P56 1988

LEADER 00893namaa2200253 4500
001 23430
003 OSt
005 20251026072908.0
008 130303s1988 caua b 001 0 eng d
020 |a 0125571755 
040 |c ARCE Library 
050 4 |a CC77.5 .P56 1988 
100 1 |a Piperno, Dolores R.,  |e author 
245 1 0 |a Phytolith analysis :   |b an archaeological and geological perspective /   |c Dolores R. Piperno. 
264 1 |a San Diego :  |b Academic PRess,  |c c1988. 
300 |a xii, 280 pages :  |b illustrations ;  |c 25 cm 
504 |a Includes bibliographical references (pages 260-275) and index. 
555 |a https://catalog.loc.gov/vwebv/staffView?searchId=36665&recPointer=0&recCount=25&searchType=0&bibId=4312795 
650 0 |a Phytoliths.  |9 10584 
650 0 |a Archaeological geology. 
650 0 |a Plant remains (Archaeology) 
901 |a reviewed 
942 |c BK  |2 lcc 
999 |c 20572  |d 20572